000 00613nam a22001937a 4500
005 20160624120449.0
010 _aENG-115152
020 _a9789385288180
_c350.00
035 _aEN-98684
037 _bDBAD/PUB
082 _a954.11
100 _aHaksar, Nandita
245 _aThe many faces of Kashmiri nationalism :
_bfrom the cold war to the present day /
_cby Nandita Haksar
260 _aNew Delhi
_bSpeaking Tiger
_c2015
270 _a4381/4 Ansari Road, Daryaganj,
_bNew Delhi
_e110002
300 _axvi,335p.
_c22cm(pbk)
500 _aIncludes index
942 _2ddc
_cEN
_h954.11
_mHAK
999 _c100070
_d100070